La cucaña (Record no. 42767)

MARC details
000 -LEADER
campo de control de longitud fija 00952nam a2200265 i 4500
001 - NÚMERO DE CONTROL
campo de control 42767
003 - IDENTIFICADOR DE NÚMERO DE CONTROL
campo de control ES-MaACL
005 - FECHA Y HORA DE LA ÚLTIMA TRANSACCIÓN
campo de control 20250712062538.0
007 - CAMPO FIJO DE DESCRIPCIÓN FÍSICA--INFORMACIÓN GENERAL
campo de control de longitud fija t|
008 - DATOS DE LONGITUD FIJA--INFORMACIÓN GENERAL
campo de control de longitud fija 030314s1959 sp cfo |||| |aspa d
080 ## - NÚMERO DE LA CLASIFICACIÓN DECIMAL UNIVERSAL
Número de la Clasificación Decimal Universal 929 Cela, Camilo José
080 ## - NÚMERO DE LA CLASIFICACIÓN DECIMAL UNIVERSAL
Número de la Clasificación Decimal Universal 821.134.2-94"19"
100 1# - ENTRADA PRINCIPAL--NOMBRE DE PERSONA
Nombre de persona Cela, Camilo José,
Fechas asociadas al nombre 1916-2002
9 (RLIN) 37336
245 13 - MENCIÓN DEL TÍTULO
Título La cucaña
Resto del título : memorias de Camilo José Cela.
Número de parte o sección de la obra Tranco primero,
Nombre de parte o sección de la obra Infancia dorada, pubertad siniestra, primera juventud.
Número de parte o sección de la obra Libro primero,
Nombre de parte o sección de la obra La rosa /
Mención de responsabilidad, etc. Camilo José Cela.
246 18 - FORMA VARIANTE DEL TITULO
Título propio/Titulo breve La cucaña.
Nombre de parte o sección de la obra La rosa
250 ## - MENCION DE EDICION
Mención de edición 1ª ed.
260 ## - PUBLICACIÓN, DISTRIBUCIÓN, ETC.
Lugar de publicación, distribución, etc. Barcelona :
Nombre del editor, distribuidor, etc. Destino,
Fecha de publicación, distribución, etc. [1959] (
Fabricante Clarasó)
300 ## - DESCRIPCIÓN FÍSICA
Extensión 223 p., [22] p. de lám. fot. ;
Dimensiones 22 cm.
490 1# - MENCIÓN DE SERIE
Mención de serie Ser o no ser.
-- Biografías
600 14 - PUNTO DE ACCESO ADICIONAL DE MATERIA--NOMBRE DE PERSONA
Nombre de persona Cela, Camilo José,
Fechas asociadas al nombre 1916-2002-
Subdivisión general Biografías
9 (RLIN) 37337
740 32 - ENTRADA AGREGADA--TÍTULO RELACIONADO/ANALÍTICO NO CONTROLADO
Título relacionado o analítico no controlado La rosa.
830 0# - PUNTO DE ACCESO ADICIONAL DE SERIE-TÍTULO UNIFORME
Título uniforme Ser o no ser.
-- Biografías
9 (RLIN) 182266
852 ## - LOCALIZACIÓN
Ubicación ES-MaACL
Número de control de estantería E-3566
Nota libre - enc. cart.
Holdings
Estatus retirado Estado de pérdida Estado de daño No para préstamo Biblioteca de origen Biblioteca actual Ubicación en estantería Fecha de adquisición Fuente de adquisición Total de préstamos Signatura topográfica completa Código de barras Visto por última vez Precio de reemplazo Tipo de ítem Koha
        Biblioteca del Ateneo de Madrid Biblioteca del Ateneo de Madrid Depósito 2 17/01/2008     E-3566 1045020 23/02/2023 23/02/2023 Libro impreso